Církevní památky Religious monuments = Kirchendenkmäler : Česká republika : tematická mapa

Korporativní autor: B.A.T. Program
Jazyk: Němčina
Čeština
Angličtina
Vydáno: Rožnov pod Radhoštěm : B.A.T. Program, c2002
Vydání: 3. dopl. vyd.
Témata:
Fyzický popis: 1 l. ; 45 x 64 cm složený na 23 x 11 cm
Mapy
Uloženo v:
LEADER 01702nem a2200457 a 4500
001 000668221
003 CZ BrMZK
005 20071008111939.0
007 a c
008 030429s2002 xr XX 1 cze d
020 |q (brož.) 
034 1 |a a 
040 |a BOA001  |b cze 
041 0 |a cze  |a eng  |a ger 
043 |a e-xr--- 
072 7 |a 913(4)  |x Geografie Evropy, reálie, cestování  |2 Konspekt  |9 7 
080 |a 72:904  |2 MRF 
080 |a 27-52:904  |2 MRF 
080 |a 913(437.3)  |2 MRF 
080 |a 912.43  |2 MRF 
080 |a (084.3)  |2 MRF 
245 0 0 |a Církevní památky  |h [kartografický dokument] =  |b Religious monuments = Kirchendenkmäler : Česká republika : tematická mapa 
246 3 3 |a Religious monuments 
246 3 1 |a Kirchendenkmäler 
246 3 |a Církevní památky České republiky 
250 |a 3. dopl. vyd. 
255 |a 8 cm k 60 km 
260 |a Rožnov pod Radhoštěm :  |b B.A.T. Program,  |c c2002 
300 |a 1 l. ;  |c 45 x 64 cm složený na 23 x 11 cm 
500 |a Na rubu stručný vlastivědný text česky, anglicky a německy 
500 |a Název v tiráži: Církevní památky České republiky 
504 |a Obsahuje rejstřík vybraných církevních památek 
504 |a Obsahuje doplňkovou mapu církevního rozdělení Čech a Moravy 
650 0 7 |a architektonické památky  |7 ph118585  |z Česko  |2 czenas 
650 0 7 |a církevní památky  |7 ph114287  |z Česko  |2 czenas 
655 7 |a mapy  |7 fd132800  |2 czenas 
651 7 |a Česko  |7 ge128065  |2 czenas 
710 2 |a B.A.T. Program  |7 kn20010724063 
910 |a BOA001  |b Mp2-1117.695 
990 |a MP 
996 6 |b 2610189481  |c Mp2-1117.695  |l MZK  |r Sklad / do 1 hodiny  |n 9  |p p.v.  |w 000668221  |u 000010  |a 1  |e BOA001  |j MZK50  |s P